00654nam a22001937a 450000500170000001000140001702000260003103500130005703700130007008200120008310000180009524501380011326000390025127000660029030000300035650000190038670000240040570000310042920100730145419.0 aENG-97469 a9788131729458c600.00 aEN-81002 bDBAD/PUB a337.154 aIslam, Muinul aEconomic inregration in South Asia :cby Muinul Islam, Nitai Chandra Nag ; edited by Qazi Kholiquzzaman Ahmad /bissues and pathways  aNew DelhibPearson Educationc2010 a14 Local Shopping Centre, Panchasheel ParkbNew Delhie110017 axlvi, 297 p. c25cm (Hb)  aIncludes index aNag, Nitai Chandra  aAhmad, Qazi Kholiquzzaman